| 000 -LEADER |
| fixed length control field |
02038 a2200277 4500 |
| 003 - CONTROL NUMBER IDENTIFIER |
| control field |
Nust |
| 005 - DATE AND TIME OF LATEST TRANSACTION |
| control field |
20220801111655.0 |
| 010 ## - LIBRARY OF CONGRESS CONTROL NUMBER |
| LC control number |
2004114236 |
| 020 ## - INTERNATIONAL STANDARD BOOK NUMBER |
| International Standard Book Number |
3540230556 (alk. paper) |
| 040 ## - CATALOGING SOURCE |
| Transcribing agency |
Nust |
| 082 00 - DEWEY DECIMAL CLASSIFICATION NUMBER |
| Classification number |
526.0285,MAP |
| 245 00 - TITLE STATEMENT |
| Title |
Map-based Mobile Services / |
| Statement of responsibility, etc. |
Liqiu Meng, Alexander Zipf, Tumasch Reichenbacher (editors). |
| 250 ## - EDITION STATEMENT |
| Edition statement |
1st ed. |
| 260 ## - PUBLICATION, DISTRIBUTION, ETC. |
| Place of publication, distribution, etc. |
New York, NY : |
| Name of publisher, distributor, etc. |
Springer, |
| Date of publication, distribution, etc. |
c2005. |
| 300 ## - PHYSICAL DESCRIPTION |
| Extent |
xii, 260 p. : |
| Other physical details |
ill. ; |
| Dimensions |
24 cm. + |
| Accompanying material |
1 CD-ROM (4 3/4 in.) |
| 505 ## - FORMATTED CONTENTS NOTE |
| Formatted contents note |
Map-Based Mobile Services (Page-10, Portrayal and Generalisation of Point Maps for Mobile Information (Page-110, Activity and Context- A conceptual Framework for Mobile Gesoservices (Page-31), Effectivness and Efficiency of Tourism Maps in the World Wide Web and Their Potential for Mobile Map Services (Page-43),The Cognitive Reality of Schmatic Maps (Page-55), Adaptive Visualisation of Landmarks using and MRDB (Page-73), Ego Centres of Mobile User and Egocentric Map Design (Page-87), Adaptation to Context a way to Improve the Usability of Mobile Maps (Page-107), Focalizing Measures of Salience for Wayfinding (Page-125), Adaptive Egocentric Maps for Mobile Users (Page-141), Cartographic Location Base Services (Page-159), XML in Services Architectures for Mobile Cartographic Applications (Page-173), A Survey of Map Based Mobile Guides (Page-193), Position Determination of Reference Points in Surveying (Page-211), Dynamic 3D Maps for Mobile Tourism Applications (Page-227), Designing Electronics Maps: an Ethnographic Approach (Page-241) |
| 650 #0 - SUBJECT ADDED ENTRY--TOPICAL TERM |
| Topical term or geographic name entry element |
Cartography |
| General subdivision |
Data processing. |
| 9 (RLIN) |
95992 |
| 650 #0 - SUBJECT ADDED ENTRY--TOPICAL TERM |
| Topical term or geographic name entry element |
Digital mapping. |
| 9 (RLIN) |
46102 |
| 650 #0 - SUBJECT ADDED ENTRY--TOPICAL TERM |
| Topical term or geographic name entry element |
Mobile communication systems. |
| 9 (RLIN) |
18556 |
| 700 1# - ADDED ENTRY--PERSONAL NAME |
| Personal name |
Meng, Liqiu. |
| 9 (RLIN) |
95993 |
| 700 1# - ADDED ENTRY--PERSONAL NAME |
| Personal name |
Reichenbacher, Tumasch. |
| 9 (RLIN) |
95994 |
| 700 1# - ADDED ENTRY--PERSONAL NAME |
| Personal name |
Zipf, Alexander. |
| 9 (RLIN) |
95995 |
| 856 42 - ELECTRONIC LOCATION AND ACCESS |
| Materials specified |
Publisher description |
| Uniform Resource Identifier |
<a href="http://www.loc.gov/catdir/enhancements/fy0818/2004114236-d.html">http://www.loc.gov/catdir/enhancements/fy0818/2004114236-d.html</a> |
| 856 42 - ELECTRONIC LOCATION AND ACCESS |
| Materials specified |
Table of contents only |
| Uniform Resource Identifier |
<a href="http://www.loc.gov/catdir/enhancements/fy0818/2004114236-t.html">http://www.loc.gov/catdir/enhancements/fy0818/2004114236-t.html</a> |
| 942 ## - ADDED ENTRY ELEMENTS (KOHA) |
| Koha item type |
Reference |
| Source of classification or shelving scheme |
|